000
00260nam a2200097Ia 4500
001
1223096
005
20250827092901.0
008
250824s9999 xx 000 0 und d
245
0
_a
DOĞANIIN KALBİ CAFER AMCA
_c
AYŞE ŞENGÜL
260
_b
MAVİ ÇOCUK YAYINEVİ
999
_c
1223096
_d
1223096